A jazz- A modern zene nyelve

Elmentve itt :
Bibliográfiai részletek
Szerző: Papp László Ferenc
További közreműködők: nincs megadva (Témavezető)
Dokumentumtípus: Szakdolgozat
Megjelent: 2004
Tárgyszavak:
Online Access:http://diploma.bibl.u-szeged.hu/104773
LEADER 00848nta a2200217 i 4500
001 dipl104773
005 20210128075020.0
008 210126s2004 hu om 0|| zxx d
040 |a SZTE Diploma Repozitórium  |b hun 
041 |a zxx 
100 1 |a Papp László Ferenc 
245 1 2 |a A jazz- A modern zene nyelve  |h [elektronikus dokumentum] /  |c László Ferenc Papp 
260 |c 2004 
650 4 |a Pedagógusképzés 
650 4 |a Social sciences 
650 4 |a Media and communications 
650 4 |a Media and socio-cultural communication 
650 4 |a Cultural studies, cultural diversity 
700 1 |a nincs megadva  |e ths 
856 4 0 |u http://diploma.bibl.u-szeged.hu/id/eprint/104773/1/2004_papp_laszlo_ferenc.pdf  |z Dokumentum-elérés  
856 4 0 |u http://diploma.bibl.u-szeged.hu/id/eprint/104773/2/2004_papp_laszlo_ferenc_melleklet.zip  |z Dokumentum-elérés